| 000 | 00564nam a2200181 a 4500 | ||
|---|---|---|---|
| 003 | BD-DhJNU | ||
| 005 | 20250813070034.0 | ||
| 008 | 211115s9999 xx 000 0 und d | ||
| 040 |
_aBD-DhJNU _bENG _cBD-DhJNU _dBD-DhJNU |
||
| 082 |
_a950 PUS _223 |
||
| 100 | _aPurcell, Victor | ||
| 245 | 0 |
_aSouth and east Asia since 1800 / _cVictor Purcell |
|
| 260 |
_aCambridge : _bCambridge University Press, _c1965. |
||
| 300 |
_avii, 228 p : _bill. ; _c22 cm. |
||
| 504 | _aIncludes bibliographical references and index. | ||
| 650 | _aHistory-South east asia | ||
| 942 | _cBK | ||
| 999 |
_c1999 _d1999 |
||